000 00381nam a2200157Ia 4500
008 230711s9999||||xx |||||||||||||| ||und||
020 _a978-81-222-0349-3
041 _aENG
082 _a800
_bPE-R
100 _aPeale, Norman Vincent
245 0 _aReaching your potential
260 _c2003
_aNew Delhi
_bOrient Paperbacks
300 _a167
650 _aLiterature
942 _cBK
999 _c5349
_d5349